The British farmer's cyclopaedia (Record no. 114469)

MARC details
000 -LEADER
fixed length control field 00997cam a22001935a 4500
001 - CONTROL NUMBER
control field L156883
008 - FIXED-LENGTH DATA ELEMENTS--GENERAL INFORMATION
fixed length control field 120724s1809 xxk f 000 0 eng d
035 ## - SYSTEM CONTROL NUMBER
System control number (Sirsi) u156883
041 0# - LANGUAGE CODE
Language code of text/sound track or separate title eng
100 1# - MAIN ENTRY--PERSONAL NAME
Personal name Potts, Thomas
245 04 - TITLE STATEMENT
Title The British farmer's cyclopaedia
Remainder of title or, complete agricultural dictionary, including every science or subject dependent on, or connected with, improved modern husbandry, with the breeding, feeding, and management, of live stock, the modern art of farriery, cure of the diseases of dogs, the management of bees, the culture of fruit and forest trees, of cyder, of malt liquor, and made wines
260 ## - PUBLICATION, DISTRIBUTION, ETC.
Place of publication, distribution, etc. London
Name of publisher, distributor, etc. Printed for Scatcherd and Letterman
Date of publication, distribution, etc. 1807 [i.e. 1809]
300 ## - PHYSICAL DESCRIPTION
Extent 1 v., [42] leaves of plates
Other physical details col. ill
Dimensions 27 cm.
500 ## - GENERAL NOTE
General note With a second title-page, dated 1809, and bearing the words "Second edition."
583 ## - ACTION NOTE
Action Condition reviewed
Time/date of action 20120620
Status condition level 2
651 #4 - SUBJECT ADDED ENTRY--GEOGRAPHIC NAME
Geographic name Great Britain
Chronological subdivision 1707-
690 ## - LOCAL SUBJECT ADDED ENTRY--TOPICAL TERM (OCLC, RLIN)
Topical term or geographic name as entry element Rural
9 (RLIN) 6268
942 ## - ADDED ENTRY ELEMENTS (KOHA)
Suppress in OPAC 0
Holdings
Withdrawn status Lost status Damaged status Not for loan Home library Current library Shelving location Date acquired Total Checkouts Full call number Barcode Date last seen Copy number Price effective from Koha item type
        Historic collection Historic collection Historic collection 24/07/2012   AGRICULTURE QUARTO 1809 POTTS 30077086 20/08/2025 1 06/08/2019 Book